[Event "21st Biel Festival"]
[Site "Biel SUI"]
[Date "1988.07.17"]
[Round "1"]
[White "Nogueiras Santiago, Jesus"]
[Black "Ftacnik, Lubomir"]
[Result "1/2-1/2"]
[WhiteElo "2550"]
[BlackElo "2590"]
[EventDate "1988.07.17"]
[PlyCount "33"]

1.d4 Nf6 2.c4 g6 3.g3 Bg7 4.Bg2 O-O 5.Nc3 c6 6.Nf3 d5 7.cxd5 cxd5 8.Ne5 e6
9.O-O Nfd7 10.Nf3 Nc6 11.Bf4 Nf6 12.Rc1 Bd7 13.Bd6 Re8 14.Ne5 Bf8 15.Bxf8 
Rxf8 16.e3 Rc8 17.Nd3 1/2-1/2

[Event "21st Biel Festival"]
[Site "Biel SUI"]
[Date "1988.07.17"]
[Round "1"]
[White "Romanishin, Oleg"]
[Black "Kindermann, Stefan"]
[Result "1/2-1/2"]
[WhiteElo "2550"]
[BlackElo "2525"]
[EventDate "1988.07.17"]
[PlyCount "43"]

1.e4 c5 2.Nf3 e6 3.c3 d5 4.e5 Nc6 5.d4 Qb6 6.a3 c4 7.Be2 Bd7 8.O-O O-O-O 
9.Nbd2 Na5 10.a4 Kb8 11.Qe1 f6 12.Bd1 Ne7 13.Bc2 Be8 14.Nh4 f5 15.g3 g5 
16.Ng2 h6 17.Qd1 Ng6 18.b4 cxb3 19.Nxb3 Rc8 20.Nxa5 Qxa5 21.Bd2 Qd8 22.Rb1
1/2-1/2

[Event "21st Biel Festival"]
[Site "Biel SUI"]
[Date "1988.07.17"]
[Round "1"]
[White "Torre, Eugenio"]
[Black "Campora, Daniel Hugo"]
[Result "1/2-1/2"]
[WhiteElo "2555"]
[BlackElo "2540"]
[EventDate "1988.07.17"]
[PlyCount "49"]

1.e4 e5 2.Bc4 Nf6 3.d3 Be7 4.Nf3 d6 5.O-O O-O 6.Bb3 Nbd7 7.c3 Nc5 8.Bc2 
Re8 9.Re1 Bf8 10.Nbd2 g6 11.d4 Ncd7 12.Nf1 Bg7 13.Ng3 c5 14.dxe5 dxe5 15.
Nf1 Qc7 16.Bg5 h6 17.Bh4 Nb6 18.Ne3 Be6 19.Bd3 c4 20.Bxf6 Bxf6 21.Bf1 Rac8
22.Qc2 Bg7 23.Rad1 Rf8 24.g3 Rfd8 25.h4 1/2-1/2

[Event "21st Biel Festival"]
[Site "Biel SUI"]
[Date "1988.07.18"]
[Round "2"]
[White "Romanishin, Oleg"]
[Black "Hort, Vlastimil"]
[Result "1-0"]
[WhiteElo "2550"]
[BlackElo "2595"]
[EventDate "1988.07.17"]
[PlyCount "91"]

1.d4 d5 2.c4 dxc4 3.e4 Nf6 4.e5 Nd5 5.Bxc4 Nb6 6.Bb3 Nc6 7.Ne2 Bf5 8.Nbc3 
e6 9.O-O Qd7 10.a3 Rd8 11.Be3 Be7 12.Ba2 O-O 13.b4 a6 14.Qc1 Rfe8 15.Rd1 
Bf8 16.Ng3 Ne7 17.Bg5 Bg6 18.Nge4 Qc8 19.Nc5 h6 20.Bh4 Bh7 21.f3 Kh8 22.
Qb2 g5 23.Bf2 Nbd5 24.N5e4 Bg7 25.Rac1 Nxc3 26.Qxc3 Nd5 27.Qe1 Qd7 28.Nc5 
Qc8 29.h4 Bf8 30.Ne4 Be7 31.hxg5 hxg5 32.Bg3 Qd7 33.Nf6 Nxf6 34.exf6 Bd6 
35.Be5 Rg8 36.Qe3 Bxe5 37.Qxe5 Qd6 38.Qxd6 Rxd6 39.Rxc7 Bg6 40.Kf2 Rgd8 
41.Ke3 b5 42.Rc5 g4 43.fxg4 e5 44.Rh1+ Kg8 45.dxe5 Rd2 46.e6 1-0

[Event "21st Biel Festival"]
[Site "Biel SUI"]
[Date "1988.07.18"]
[Round "2"]
[White "Campora, Daniel Hugo"]
[Black "Zueger, Beat"]
[Result "1-0"]
[WhiteElo "2540"]
[BlackElo "2445"]
[EventDate "1988.07.17"]
[PlyCount "91"]

1.e4 e6 2.d4 d5 3.Nd2 Nf6 4.e5 Nfd7 5.Bd3 c5 6.c3 Nc6 7.Ne2 cxd4 8.cxd4 f6
9.exf6 Nxf6 10.O-O Bd6 11.Nf3 O-O 12.Bg5 Bd7 13.a3 Be8 14.Ng3 h6 15.Bd2 
Bxg3 16.hxg3 Bh5 17.Qe1 Re8 18.Bc3 Bxf3 19.gxf3 e5 20.Bg6 Re6 21.dxe5 Nxe5
22.Bxe5 Nd7 23.f4 Nxe5 24.fxe5 Rxg6 25.Rd1 Qb6 26.Qc3 Rd8 27.Qd4 Qe6 28.
Kg2 Rg5 29.f4 Rh5 30.Rh1 Rxh1 31.Rxh1 Rc8 32.Rd1 Rc2+ 33.Kf3 Qc6 34.Qxd5+ 
Qxd5+ 35.Rxd5 Rxb2 36.e6 Kf8 37.f5 Rb3+ 38.Kf4 Rxa3 39.Rd8+ Ke7 40.Rd7+ 
Kf8 41.Rf7+ Kg8 42.Rxb7 Kf8 43.Rb8+ Ke7 44.Rg8 Ra4+ 45.Kf3 Ra3+ 46.Kg4 1-0

[Event "21st Biel Festival"]
[Site "Biel SUI"]
[Date "1988.07.19"]
[Round "3"]
[White "Sokolov, Ivan"]
[Black "Campora, Daniel Hugo"]
[Result "1/2-1/2"]
[WhiteElo "2570"]
[BlackElo "2540"]
[EventDate "1988.07.17"]
[PlyCount "71"]

1.c4 Nf6 2.Nc3 e5 3.g3 Bb4 4.Bg2 O-O 5.Nf3 Re8 6.O-O e4 7.Nd4 Nc6 8.Nc2 
Bxc3 9.dxc3 d6 10.Ne3 Ne5 11.h3 Be6 12.b3 Qd7 13.Kh2 h6 14.f4 exf3 15.exf3
Bf5 16.f4 Nc6 17.Nxf5 Qxf5 18.g4 Qe6 19.Qf3 Qe2 20.Rf2 Qxf3 21.Bxf3 Ne4 
22.Rc2 Re7 23.Bb2 Rae8 24.Rd1 g5 25.Bc1 gxf4 26.Bxf4 Ng5 27.Bg2 Re2 28.
Rdc1 Nf3+ 29.Kg3 Ng5 30.h4 Ne4+ 31.Kf3 Rxc2 32.Rxc2 Nf6 33.Bxh6 Ne5+ 34.
Kg3 Nfxg4 35.Bf4 b6 36.Re2 1/2-1/2

[Event "21st Biel Festival"]
[Site "Biel SUI"]
[Date "1988.07.19"]
[Round "3"]
[White "Gulko, Boris"]
[Black "Tukmakov, Vladimir"]
[Result "1/2-1/2"]
[WhiteElo "2590"]
[BlackElo "2590"]
[EventDate "1988.07.17"]
[PlyCount "121"]

1.d4 Nf6 2.c4 c6 3.Bf4 d6 4.Nc3 Nbd7 5.Nf3 g6 6.h3 Bg7 7.e3 O-O 8.Be2 a6 
9.a4 a5 10.O-O b6 11.Qc2 Ne8 12.Rad1 Nc7 13.e4 Qe8 14.Rfe1 e5 15.Be3 exd4 
16.Bxd4 Bh6 17.Bf1 Nc5 18.Bf6 Qe6 19.e5 d5 20.Nd4 Qe8 21.cxd5 Nxd5 22.Nxd5
cxd5 23.Nb5 Be6 24.Rd4 Ne4 25.Nd6 Nxd6 26.exd6 Qc8 27.Qd1 Bg7 28.Bxg7 Kxg7
29.Bb5 Qc5 30.d7 Rfd8 31.Re5 Ra7 32.Rdxd5 Bxd5 33.Rxd5 Qb4 34.Qe2 Qf4 35.
g3 Qf6 36.Qc2 h5 37.Kg2 Qe6 38.Qc3+ Qf6 39.Rd6 Qxc3 40.bxc3 Rc7 41.c4 Kf8 
42.Rxb6 Ke7 43.Ra6 Rdxd7 44.Bxd7 Kxd7 45.Rxa5 Rxc4 46.h4 Ke6 47.Kf3 Rb4 
48.Ke3 Kf6 49.Kd3 Rb2 50.Rc5 Rxf2 51.Kc4 Ke6 52.Kb5 Kd6 53.Rc3 Rb2+ 54.Ka6
f6 55.a5 g5 56.Ka7 gxh4 57.gxh4 f5 58.Rc4 Kd5 59.Ra4 Ke5 60.Rc4 f4 61.Rc5+
1/2-1/2

[Event "21st Biel Festival"]
[Site "Biel SUI"]
[Date "1988.07.19"]
[Round "3"]
[White "Hort, Vlastimil"]
[Black "Kindermann, Stefan"]
[Result "1/2-1/2"]
[WhiteElo "2595"]
[BlackElo "2525"]
[EventDate "1988.07.17"]
[PlyCount "50"]

1.d4 Nf6 2.c4 e6 3.Nf3 Bb4+ 4.Bd2 c5 5.Bxb4 cxb4 6.g3 O-O 7.Bg2 d6 8.O-O 
Nc6 9.e3 e5 10.a3 bxa3 11.Rxa3 Bg4 12.h3 Bh5 13.g4 Bg6 14.Nc3 h6 15.Qa4 a5
16.dxe5 dxe5 17.Rd1 Qb8 18.Qb5 Re8 19.Nd5 Ne4 20.Nb6 Ra6 21.c5 Rd8 22.Raa1
a4 23.Rxd8+ Qxd8 24.Nc4 Qe7 25.Nd6 Nxd6 1/2-1/2

[Event "21st Biel Festival"]
[Site "Biel SUI"]
[Date "1988.07.19"]
[Round "3"]
[White "Torre, Eugenio"]
[Black "Ftacnik, Lubomir"]
[Result "1/2-1/2"]
[WhiteElo "2555"]
[BlackElo "2590"]
[EventDate "1988.07.17"]
[PlyCount "58"]

1.e4 c5 2.Nf3 d6 3.c3 Nf6 4.Be2 Nbd7 5.d3 b6 6.O-O Bb7 7.Nbd2 g6 8.Re1 Bg7
9.Bf1 Ne5 10.d4 Nxf3+ 11.Qxf3 O-O 12.Bd3 Nd7 13.Nb3 d5 14.dxc5 bxc5 15.
exd5 Ne5 16.Qe2 Qxd5 17.Be4 Qxe4 18.Qxe4 Bxe4 19.Rxe4 f5 20.Re2 Nd3 21.Na5
e5 22.f3 e4 23.fxe4 Rae8 24.Nc4 Rxe4 25.Rxe4 fxe4 26.Be3 Nxb2 27.Nxb2 Bxc3
28.Rc1 Bxb2 29.Rxc5 Rd8 1/2-1/2

[Event "21st Biel Festival"]
[Site "Biel SUI"]
[Date "1988.07.20"]
[Round "4"]
[White "Ftacnik, Lubomir"]
[Black "Zueger, Beat"]
[Result "1-0"]
[WhiteElo "2590"]
[BlackElo "2445"]
[EventDate "1988.07.17"]
[PlyCount "81"]

1.d4 Nf6 2.c4 g6 3.Nc3 Bg7 4.e4 d6 5.Be2 O-O 6.Nf3 Bg4 7.Be3 Nfd7 8.Ng1 
Bxe2 9.Ngxe2 c5 10.O-O cxd4 11.Nxd4 Nc6 12.b3 Qa5 13.Nd5 Rfe8 14.b4 Qd8 
15.Rc1 Rc8 16.Nxc6 bxc6 17.Nf4 c5 18.b5 a6 19.a4 axb5 20.cxb5 c4 21.Nd5 
Qa5 22.b6 e6 23.Nc7 Red8 24.Rb1 Qe5 25.Re1 c3 26.Qc2 d5 27.exd5 exd5 28.
Nb5 Qf5 29.Qxf5 gxf5 30.a5 c2 31.Rbc1 Bb2 32.a6 Bxc1 33.Rxc1 Nxb6 34.Bxb6 
Re8 35.Kf1 Re6 36.Be3 Rxa6 37.Nd4 Ra2 38.Nxf5 Rb2 39.Ne7+ Kf8 40.Nxc8 d4 
41.Bxd4 1-0

[Event "21st Biel Festival"]
[Site "Biel SUI"]
[Date "1988.07.20"]
[Round "4"]
[White "Kindermann, Stefan"]
[Black "Campora, Daniel Hugo"]
[Result "1/2-1/2"]
[WhiteElo "2525"]
[BlackElo "2540"]
[EventDate "1988.07.17"]
[PlyCount "90"]

1.e4 e5 2.Nf3 d6 3.d4 Nf6 4.Nc3 Nbd7 5.Bc4 Be7 6.O-O O-O 7.a4 c6 8.a5 exd4
9.Nxd4 Nc5 10.Re1 Re8 11.Qf3 Bg4 12.Qg3 Qd7 13.h3 Be6 14.Nxe6 Nxe6 15.Be3 
Bf8 16.f4 Qc7 17.Qf2 d5 18.exd5 cxd5 19.Bxd5 Bb4 20.Red1 Bxc3 21.bxc3 Nxd5
22.Rxd5 Qxc3 23.Rb1 Qc4 24.Rbd1 a6 25.f5 Nf8 26.R1d4 Qc6 27.c4 Rac8 28.Qg3
Qc7 29.Bf4 Qe7 30.Kh2 Qe1 31.Qxe1 Rxe1 32.Rd8 Re8 33.Rxe8 Rxe8 34.c5 Rc8 
35.Bd6 f6 36.Rb4 Nd7 37.Rxb7 Nxc5 38.g4 h5 39.Ra7 Ne4 40.Rxa6 Rc2+ 41.Kg1 
hxg4 42.hxg4 Nxd6 43.Rxd6 Ra2 44.a6 Kh7 45.g5 fxg5 1/2-1/2

[Event "21st Biel Festival"]
[Site "Biel SUI"]
[Date "1988.07.20"]
[Round "4"]
[White "Romanishin, Oleg"]
[Black "Gulko, Boris"]
[Result "0-1"]
[WhiteElo "2550"]
[BlackElo "2590"]
[EventDate "1988.07.17"]
[PlyCount "104"]

1.d4 Nf6 2.c4 g6 3.g3 c6 4.Bg2 d5 5.cxd5 cxd5 6.Nf3 Bg7 7.Nc3 O-O 8.Ne5 e6
9.O-O Nfd7 10.Nf3 Nc6 11.h4 Nf6 12.Bf4 Nh5 13.Bg5 f6 14.Be3 f5 15.Qd2 Qd6 
16.Nb5 Qb8 17.Bf4 Nxf4 18.gxf4 Bd7 19.Rfd1 Qd8 20.Qe3 Nb4 21.Na3 Rc8 22.
Qd2 Qe7 23.Rdc1 Bf6 24.Rxc8 Rxc8 25.Rc1 Rxc1+ 26.Qxc1 Qd6 27.Qd2 Nxa2 28.
Ne5 Be8 29.Qc2 Bxe5 30.fxe5 Qc6 31.Qb3 Nc1 32.Qe3 h6 33.Bf1 Kg7 34.Qd2 Qc7
35.Qd1 a5 36.e3 Na2 37.Qd2 Nb4 38.Bb5 Bc6 39.Qc3 Qe7 40.Bxc6 Nxc6 41.Nb5 
Qb4 42.Qc5 Qxc5 43.dxc5 Nxe5 44.Nd6 Nc6 45.Nxb7 e5 46.Nd6 Kf6 47.Kf1 d4 
48.Ne8+ Ke7 49.Nc7 d3 50.f3 e4 51.Nd5+ Ke6 52.Nf4+ Kf6 0-1

[Event "21st Biel Festival"]
[Site "Biel SUI"]
[Date "1988.07.20"]
[Round "4"]
[White "Tukmakov, Vladimir"]
[Black "Torre, Eugenio"]
[Result "1-0"]
[WhiteElo "2590"]
[BlackElo "2555"]
[EventDate "1988.07.17"]
[PlyCount "75"]

1.d4 d5 2.c4 c6 3.Nf3 Nf6 4.Nc3 dxc4 5.a4 Bf5 6.e3 e6 7.Bxc4 Bb4 8.O-O O-O
9.Nh4 Bg4 10.f3 Bh5 11.g4 Bg6 12.e4 Nbd7 13.g5 Ne8 14.Nxg6 hxg6 15.Be3 Nc7
16.Qb3 Qe7 17.Kh1 c5 18.d5 Bxc3 19.dxe6 Bd4 20.exd7 Qxd7 21.Rad1 b6 22.
Bxd4 cxd4 23.f4 Rad8 24.f5 Qc6 25.Qc2 Rd6 26.Rxd4 gxf5 27.Rxf5 Ne6 28.Rxd6
Qxd6 29.Qf2 Qd1+ 30.Qg1 Qc2 31.Bd5 g6 32.Rf6 Rd8 33.Qf1 Rxd5 34.exd5 Nxg5 
35.Qg2 Qc1+ 36.Rf1 Qe3 37.d6 Ne6 38.Qf3 1-0

[Event "21st Biel Festival"]
[Site "Biel SUI"]
[Date "1988.07.22"]
[Round "5"]
[White "Sokolov, Ivan"]
[Black "Ftacnik, Lubomir"]
[Result "1/2-1/2"]
[WhiteElo "2570"]
[BlackElo "2590"]
[EventDate "1988.07.17"]
[PlyCount "20"]

1.c4 c5 2.g3 g6 3.Bg2 Bg7 4.Nc3 Nc6 5.d3 Nf6 6.Bd2 O-O 7.Qc1 d6 8.Bh6 Bd7 
9.Nf3 Nd4 10.O-O Bc6 1/2-1/2

[Event "21st Biel Festival"]
[Site "Biel SUI"]
[Date "1988.07.22"]
[Round "5"]
[White "Torre, Eugenio"]
[Black "Romanishin, Oleg"]
[Result "1-0"]
[WhiteElo "2555"]
[BlackElo "2550"]
[EventDate "1988.07.17"]
[PlyCount "91"]

1.d4 Nf6 2.Nf3 e6 3.c4 c5 4.e3 d6 5.Nc3 Nbd7 6.Be2 a6 7.O-O Be7 8.a3 O-O 
9.b4 b6 10.Rb1 Qc7 11.bxc5 dxc5 12.a4 Re8 13.d5 exd5 14.cxd5 Bd6 15.h3 Ne5
16.Nd2 c4 17.f4 Nd3 18.Nxc4 Nxc1 19.Rxc1 Bd7 20.Nxd6 Qxd6 21.Qd4 Qe7 22.
Rf3 Qa3 23.Rb1 Rac8 24.e4 Qc5 25.Rb4 Qa5 26.Rg3 g6 27.Rxb6 Nxe4 28.Nxe4 
Rxe4 29.Qxe4 Qxb6+ 30.Kh2 Re8 31.Qc4 Qd6 32.Bd3 a5 33.Qd4 Rb8 34.Bb5 Bxb5 
35.axb5 Rxb5 36.Rc3 Rb8 37.Rc6 Qd7 38.Ra6 Qb5 39.Ra7 Qb4 40.Qf6 Rf8 41.d6 
Qb6 42.Re7 a4 43.Qe5 a3 44.d7 Qc6 45.f5 gxf5 46.Re8 1-0

[Event "21st Biel Festival"]
[Site "Biel SUI"]
[Date "1988.07.22"]
[Round "5"]
[White "Nogueiras Santiago, Jesus"]
[Black "Kindermann, Stefan"]
[Result "1/2-1/2"]
[WhiteElo "2550"]
[BlackElo "2525"]
[EventDate "1988.07.17"]
[PlyCount "21"]

1.d4 Nf6 2.Nf3 e6 3.c4 Bb4+ 4.Nbd2 O-O 5.g3 b6 6.Bg2 Bb7 7.O-O c5 8.dxc5 
Bxc5 9.a3 Be7 10.b3 d6 11.Bb2 1/2-1/2

[Event "21st Biel Festival"]
[Site "Biel SUI"]
[Date "1988.07.22"]
[Round "5"]
[White "Gulko, Boris"]
[Black "Hort, Vlastimil"]
[Result "1/2-1/2"]
[WhiteElo "2590"]
[BlackElo "2595"]
[EventDate "1988.07.17"]
[PlyCount "23"]

1.d4 e6 2.c4 Bb4+ 3.Bd2 Qe7 4.Nc3 Nf6 5.e3 b6 6.Bd3 Bb7 7.f3 c5 8.Nge2 
cxd4 9.exd4 d5 10.cxd5 Nxd5 11.Nxd5 Bxd2+ 12.Qxd2 1/2-1/2

[Event "21st Biel Festival"]
[Site "Biel SUI"]
[Date "1988.07.23"]
[Round "6"]
[White "Tukmakov, Vladimir"]
[Black "Sokolov, Ivan"]
[Result "1/2-1/2"]
[WhiteElo "2590"]
[BlackElo "2570"]
[EventDate "1988.07.17"]
[PlyCount "93"]

1.d4 Nf6 2.c4 g6 3.Nf3 Bg7 4.g3 c5 5.Bg2 O-O 6.O-O cxd4 7.Nxd4 d5 8.cxd5 
Nxd5 9.Nc3 Nxc3 10.bxc3 Qa5 11.Qb3 Nc6 12.Be3 Ne5 13.h3 Rb8 14.Rab1 Bd7 
15.f4 Nc6 16.Nxc6 Bxc6 17.Bxc6 Rbc8 18.Qxb7 Qxc3 19.Kf2 Qxc6 20.Qxc6 Rxc6 
21.Rb7 e5 22.Rxa7 exf4 23.gxf4 Re8 24.Rd1 Bf8 25.Ra5 h6 26.Kf3 Rc2 27.a4 
Ra2 28.Rd3 Bb4 29.Ra7 Ra1 30.Rb3 Bf8 31.a5 Rh1 32.Kg2 Re1 33.Kf2 Rh1 34.
Kg2 Re1 35.Kf2 Rh1 36.Kg3 Re1 37.Bd4 R1xe2 38.a6 Ra2 39.Kf3 Ra4 40.Be5 Re6
41.Rb8 Raxa6 42.Rxa6 Rxa6 43.Bd4 f5 44.Bc5 Rf6 45.h4 Rf7 46.Bxf8 Rxf8 47.
Rb6 1/2-1/2

[Event "21st Biel Festival"]
[Site "Biel SUI"]
[Date "1988.07.23"]
[Round "6"]
[White "Ftacnik, Lubomir"]
[Black "Campora, Daniel Hugo"]
[Result "1/2-1/2"]
[WhiteElo "2590"]
[BlackElo "2540"]
[EventDate "1988.07.17"]
[PlyCount "54"]

1.d4 d5 2.c4 e6 3.Nc3 Nf6 4.Bg5 Be7 5.Nf3 h6 6.Bxf6 Bxf6 7.e3 O-O 8.Rc1 g6
9.Qc2 Bg7 10.cxd5 exd5 11.Bd3 Nc6 12.a3 Ne7 13.O-O c6 14.b4 Qd6 15.Qb3 Be6
16.b5 Rfc8 17.bxc6 Nxc6 18.Nd2 Na5 19.Qa4 Nc6 20.Nb3 a6 21.Nc5 b5 22.Qd1 
Nxd4 23.exd4 Bxd4 24.Nxb5 axb5 25.Nxe6 Qxe6 26.Bxb5 Bc3 27.a4 Rc7 1/2-1/2

[Event "21st Biel Festival"]
[Site "Biel SUI"]
[Date "1988.07.23"]
[Round "6"]
[White "Romanishin, Oleg"]
[Black "Zueger, Beat"]
[Result "1-0"]
[WhiteElo "2550"]
[BlackElo "2445"]
[EventDate "1988.07.17"]
[PlyCount "119"]

1.Nf3 Nf6 2.d4 g6 3.g3 Bg7 4.Bg2 O-O 5.O-O d6 6.c4 c6 7.Nc3 a6 8.Qc2 b5 9.
b3 b4 10.Na4 Bf5 11.Qd2 a5 12.Nh4 Bd7 13.e4 Na6 14.Bb2 Rb8 15.e5 Ne8 16.
Rad1 Nec7 17.Qe2 d5 18.f4 e6 19.Qf2 Qe7 20.g4 f5 21.gxf5 exf5 22.Rc1 Bh6 
23.Qg3 dxc4 24.Rxc4 Nd5 25.Bc1 Nac7 26.Nf3 Ne6 27.Ne1 Kh8 28.h4 Bc8 29.Rf2
Rd8 30.Nc2 Ba6 31.Rxc6 Bb5 32.Rxe6 Qxe6 33.Nc5 Qe7 34.Bb2 Rbc8 35.Ne3 Nxe3
36.Qxe3 Rxc5 37.dxc5 Rd1+ 38.Bf1 Qxh4 39.e6+ Kg8 40.e7 Qg4+ 41.Kh2 Qh4+ 
42.Kg1 Kf7 43.Be5 Qxe7 44.Qf3 Rxf1+ 45.Rxf1 Bxf1 46.Qd5+ Qe6 47.Qb7+ Ke8 
48.Kxf1 Qd7 49.Qa8+ Qd8 50.Qf3 Qd2 51.c6 Qc1+ 52.Kg2 Qc2+ 53.Kg3 Qe4 54.
Qxe4 fxe4 55.Kf2 Bf8 56.Ke3 h5 57.Kxe4 h4 58.Kf3 Bc5 59.Kg4 Bf2 60.Bf6 1-0

[Event "21st Biel Festival"]
[Site "Biel SUI"]
[Date "1988.07.23"]
[Round "6"]
[White "Nogueiras Santiago, Jesus"]
[Black "Gulko, Boris"]
[Result "1/2-1/2"]
[WhiteElo "2550"]
[BlackElo "2590"]
[EventDate "1988.07.17"]
[PlyCount "27"]

1.d4 Nf6 2.c4 e6 3.Nf3 Bb4+ 4.Bd2 Bxd2+ 5.Qxd2 O-O 6.g3 d5 7.Bg2 Nbd7 8.
O-O Qe7 9.Rc1 c6 10.Qf4 Ne4 11.Nbd2 Nxd2 12.Qxd2 Nf6 13.e3 Bd7 14.Ne5 
1/2-1/2

[Event "21st Biel Festival"]
[Site "Biel SUI"]
[Date "1988.07.24"]
[Round "7"]
[White "Torre, Eugenio"]
[Black "Nogueiras Santiago, Jesus"]
[Result "1/2-1/2"]
[WhiteElo "2555"]
[BlackElo "2550"]
[EventDate "1988.07.17"]
[PlyCount "41"]

1.d4 Nf6 2.c4 e6 3.Nf3 b6 4.g3 Bb7 5.Bg2 Be7 6.O-O O-O 7.Nc3 Ne4 8.Nxe4 
Bxe4 9.Ne1 Bxg2 10.Nxg2 d5 11.Qa4 dxc4 12.Qxc4 Qc8 13.Be3 Qb7 14.Rac1 Rc8 
15.Rfd1 c6 16.Nf4 Nd7 17.Nd3 c5 18.dxc5 Nxc5 19.Nxc5 Bxc5 20.Bxc5 Rxc5 21.
Qd3 1/2-1/2

[Event "21st Biel Festival"]
[Site "Biel SUI"]
[Date "1988.07.24"]
[Round "7"]
[White "Sokolov, Ivan"]
[Black "Romanishin, Oleg"]
[Result "1-0"]
[WhiteElo "2570"]
[BlackElo "2550"]
[EventDate "1988.07.17"]
[PlyCount "81"]

1.d4 Nf6 2.c4 e6 3.Nc3 Bb4 4.e3 b6 5.Ne2 c5 6.d5 O-O 7.a3 Ba5 8.g3 exd5 9.
cxd5 d6 10.Bg2 Ba6 11.Bd2 Re8 12.Qc2 Qc8 13.Rb1 Bxc3 14.Bxc3 Nbd7 15.Rd1 
Ne5 16.h3 Bb5 17.O-O Qa6 18.Bxe5 Rxe5 19.Rfe1 Ba4 20.b3 Bd7 21.Nc3 b5 22.
Qb2 Rae8 23.b4 Qb6 24.bxc5 Qxc5 25.Rc1 Qb6 26.Red1 Rc8 27.Ne2 Rxc1 28.Rxc1
Nxd5 29.Qd4 Qxd4 30.Nxd4 Nf6 31.Rc7 a5 32.Ra7 a4 33.Bc6 Be8 34.Rb7 Kf8 35.
Bxb5 Rc5 36.Rb8 Rc1+ 37.Kg2 Rb1 38.Ra8 Ra1 39.Nf5 Rd1 40.Bxa4 g6 41.Bxd1 
1-0

[Event "21st Biel Festival"]
[Site "Biel SUI"]
[Date "1988.07.24"]
[Round "7"]
[White "Gulko, Boris"]
[Black "Kindermann, Stefan"]
[Result "1/2-1/2"]
[WhiteElo "2590"]
[BlackElo "2525"]
[EventDate "1988.07.17"]
[PlyCount "77"]

1.d4 Nf6 2.c4 e6 3.Nf3 Bb4+ 4.Bd2 Qe7 5.g3 Nc6 6.Nc3 Bxc3 7.Bxc3 Ne4 8.Rc1
O-O 9.Bg2 d6 10.d5 Nxc3 11.Rxc3 Nd8 12.Qc2 e5 13.c5 dxc5 14.Rxc5 c6 15.O-O
Bf5 16.Qc3 f6 17.Rd1 Qd6 18.Nh4 Bc8 19.Rd2 b6 20.Rxc6 Nxc6 21.dxc6 Qe7 22.
c7 e4 23.Qc4+ Be6 24.Nf5 Qf7 25.Qxe4 Rac8 26.Bh3 Rfe8 27.Rd8 Rxc7 28.Nh6+ 
gxh6 29.Bxe6 Rxd8 30.Kg2 Kg7 31.Bxf7 Rxf7 32.b4 Rdd7 33.a4 Rfe7 34.Qf4 Rc7
35.e3 Re5 36.Qg4+ Rg5 37.Qd4 Re5 38.Qd6 Rce7 39.a5 1/2-1/2

[Event "21st Biel Festival"]
[Site "Biel SUI"]
[Date "1988.07.25"]
[Round "8"]
[White "Hort, Vlastimil"]
[Black "Sokolov, Ivan"]
[Result "1/2-1/2"]
[WhiteElo "2595"]
[BlackElo "2570"]
[EventDate "1988.07.17"]
[PlyCount "56"]

1.d4 Nf6 2.Nf3 g6 3.Nc3 d5 4.Bf4 Bg7 5.e3 c6 6.Be2 Bg4 7.Ne5 Bxe2 8.Qxe2 
Nh5 9.O-O-O e6 10.h4 Nxf4 11.exf4 Nd7 12.h5 Qf6 13.g3 O-O-O 14.Rd3 Nb6 15.
Nd1 Kb8 16.Ne3 Qe7 17.N3g4 Ka8 18.Kb1 Rc8 19.Rb3 c5 20.dxc5 Rxc5 21.Nd3 
Rc7 22.h6 Bd4 23.c3 Bf6 24.Nxf6 Qxf6 25.Qe5 Qxe5 26.Nxe5 Nc4 27.Rd1 Nd6 
28.Rb4 Ne4 1/2-1/2

[Event "21st Biel Festival"]
[Site "Biel SUI"]
[Date "1988.07.25"]
[Round "8"]
[White "Gulko, Boris"]
[Black "Torre, Eugenio"]
[Result "1/2-1/2"]
[WhiteElo "2590"]
[BlackElo "2555"]
[EventDate "1988.07.17"]
[PlyCount "93"]

1.d4 d5 2.c4 c6 3.Nf3 Nf6 4.Nc3 dxc4 5.a4 Bf5 6.Ne5 Nbd7 7.Nxc4 Qc7 8.g3 
e5 9.dxe5 Nxe5 10.Bf4 Rd8 11.Qc1 Bd6 12.Nxd6+ Qxd6 13.Bg2 Qe6 14.O-O Nc4 
15.a5 Bh3 16.b3 Bxg2 17.Kxg2 Nd6 18.Qe3 Nde4 19.Nxe4 Qxe4+ 20.Qxe4+ Nxe4 
21.Be3 a6 22.Rfd1 Ke7 23.Bb6 Rxd1 24.Rxd1 f5 25.f3 Nf6 26.Bd4 Ke6 27.Bxf6 
gxf6 28.Rd4 Rc8 29.Rb4 Rc7 30.Kf2 Kd6 31.Rf4 Ke5 32.Ke3 Re7 33.Kd3 Ke6 34.
Rd4 Kf7 35.Rd8 Kg6 36.Rg8+ Kf7 37.Rb8 Kg6 38.b4 h5 39.h4 Kh6 40.Kd4 Kg6 
41.e3 Rd7+ 42.Kc5 Rd5+ 43.Kc4 Rd7 44.e4 fxe4 45.fxe4 Re7 46.Kd4 Kh6 47.
Rh8+ 1/2-1/2

[Event "21st Biel Festival"]
[Site "Biel SUI"]
[Date "1988.07.25"]
[Round "8"]
[White "Romanishin, Oleg"]
[Black "Campora, Daniel Hugo"]
[Result "1/2-1/2"]
[WhiteElo "2550"]
[BlackElo "2540"]
[EventDate "1988.07.17"]
[PlyCount "125"]

1.d4 d5 2.c4 e6 3.Nc3 Nf6 4.Bg5 Be7 5.e3 h6 6.Bh4 O-O 7.Rc1 Nbd7 8.Nf3 
dxc4 9.Bxc4 c5 10.O-O a6 11.Bd3 b5 12.a4 bxa4 13.Nxa4 cxd4 14.Nxd4 Bb7 15.
Bg3 Rc8 16.Ra1 Ne4 17.Bxe4 Bxe4 18.Qe2 Bb7 19.Rfd1 Qe8 20.Nb3 Bb4 21.Bd6 
Bxd6 22.Rxd6 Bd5 23.Nd2 Bb7 24.Nc3 Qe7 25.Rd4 Nc5 26.e4 Rfd8 27.Nf3 Nb3 
28.Rxd8+ Rxd8 29.Rd1 Nc5 30.Rxd8+ Qxd8 31.h3 Qd3 32.Qxd3 Nxd3 33.b3 Kf8 
34.Nd2 Ke7 35.Kf1 Kd6 36.Ke2 Nf4+ 37.Kf3 g5 38.b4 Nd3 39.Nc4+ Kd7 40.b5 
axb5 41.Nxb5 Ne1+ 42.Kg3 Bxe4 43.Ne5+ Ke7 44.Nxf7 Bd3 45.Nbd6 Be2 46.f3 
Bd1 47.Nxh6 Kxd6 48.Nf7+ Ke7 49.Nxg5 Bc2 50.Kf2 Kf6 51.f4 Nd3+ 52.Ke3 Nb4 
53.Ne4+ Ke7 54.g3 Nd5+ 55.Kd4 Nf6 56.Ng5 Nd7 57.g4 Ba4 58.Nf3 Kf6 59.Nd2 
Bc6 60.h4 Ba4 61.Ne4+ Ke7 62.h5 Bc2 63.h6 1/2-1/2

[Event "21st Biel Festival"]
[Site "Biel SUI"]
[Date "1988.07.25"]
[Round "8"]
[White "Nogueiras Santiago, Jesus"]
[Black "Zueger, Beat"]
[Result "1/2-1/2"]
[WhiteElo "2550"]
[BlackElo "2445"]
[EventDate "1988.07.17"]
[PlyCount "37"]

1.d4 Nf6 2.c4 g6 3.Nc3 Bg7 4.e4 d6 5.Bd3 Nbd7 6.f4 e5 7.fxe5 dxe5 8.d5 O-O
9.Nf3 Ne8 10.Bg5 f6 11.Be3 c5 12.O-O b6 13.a3 a5 14.Rb1 Ba6 15.b4 axb4 16.
axb4 Nd6 17.Qe2 Qc7 18.Kh1 Rfb8 19.Nd2 1/2-1/2

[Event "21st Biel Festival"]
[Site "Biel SUI"]
[Date "1988.07.27"]
[Round "9"]
[White "Zueger, Beat"]
[Black "Gulko, Boris"]
[Result "1/2-1/2"]
[WhiteElo "2445"]
[BlackElo "2590"]
[EventDate "1988.07.17"]
[PlyCount "80"]

1.d4 e6 2.c4 Bb4+ 3.Bd2 a5 4.Nf3 Nf6 5.g3 b6 6.Bg2 Bb7 7.O-O O-O 8.Bg5 Be7
9.Nc3 h6 10.Bxf6 Bxf6 11.e4 g6 12.h4 h5 13.Qd2 d6 14.Rad1 Nd7 15.Rfe1 Bg7 
16.d5 e5 17.Bh3 Nf6 18.Kg2 Ng4 19.Qg5 Bf6 20.Qd2 Bc8 21.Ng1 Bg7 22.f3 Bh6 
23.Qd3 f5 24.exf5 Bxf5 25.Ne4 Qd7 26.Bxg4 hxg4 27.Rf1 Kg7 28.fxg4 Bxg4 29.
Rxf8 Rxf8 30.Rf1 Bf5 31.b3 a4 32.Qe2 axb3 33.axb3 Bg4 34.Qd3 Rxf1 35.Qxf1 
Qf5 36.Qd3 Bd1 37.Qxd1 Qxe4+ 38.Nf3 Qe3 39.Nh2 Qe4+ 40.Qf3 Qc2+ 1/2-1/2

[Event "21st Biel Festival"]
[Site "Biel SUI"]
[Date "1988.07.27"]
[Round "9"]
[White "Torre, Eugenio"]
[Black "Kindermann, Stefan"]
[Result "1/2-1/2"]
[WhiteElo "2555"]
[BlackElo "2525"]
[EventDate "1988.07.17"]
[PlyCount "49"]

1.d4 Nf6 2.Nf3 e6 3.c4 Bb4+ 4.Bd2 c5 5.e3 Bxd2+ 6.Nbxd2 O-O 7.Bd3 d5 8.
dxc5 Na6 9.Nb3 Nxc5 10.Nxc5 Qa5+ 11.Qd2 Qxc5 12.Rc1 Qe7 13.cxd5 Nxd5 14.
O-O b6 15.e4 Nb4 16.Bb1 Ba6 17.Rfd1 Rfd8 18.Qe3 Rxd1+ 19.Rxd1 Rd8 20.Qb3 
Be2 21.Rxd8+ Qxd8 22.Qxb4 Bxf3 23.gxf3 Qd1+ 24.Kg2 Qxb1 25.Qe7 1/2-1/2

[Event "21st Biel Festival"]
[Site "Biel SUI"]
[Date "1988.07.28"]
[Round "10"]
[White "Torre, Eugenio"]
[Black "Zueger, Beat"]
[Result "1-0"]
[WhiteElo "2555"]
[BlackElo "2445"]
[EventDate "1988.07.17"]
[PlyCount "97"]

1.d4 Nf6 2.Nf3 g6 3.Bg5 Bg7 4.Nbd2 d5 5.e3 O-O 6.b4 Bg4 7.Be2 Nbd7 8.h3 
Bxf3 9.Bxf3 c6 10.O-O e5 11.c3 a5 12.b5 Qb6 13.bxc6 bxc6 14.Rb1 Qa7 15.Qa4
Rfc8 16.Rb2 Nb6 17.Qb3 Rab8 18.Rfb1 Nfd7 19.Qd1 c5 20.Rb5 a4 21.Nf1 e4 22.
Be2 c4 23.Bf4 Rb7 24.f3 f5 25.fxe4 fxe4 26.Bg4 Rc6 27.h4 Nf8 28.Ng3 h5 29.
Bh3 Ne6 30.Ne2 Rf7 31.Qe1 Nxf4 32.Nxf4 Rff6 33.Nxd5 Nxd5 34.Rxd5 Rb6 35.
Rd8+ Kh7 36.Rd7 Qb8 37.Rb4 a3 38.Qb1 Rxb4 39.cxb4 Rb6 40.Qxe4 Rxb4 41.Qe7 
Rb1+ 42.Kf2 Rb2+ 43.Kf3 Qh8 44.Rd8 Qxd8 45.Qxd8 c3 46.Be6 c2 47.Bg8+ Kh8 
48.Bf7+ Kh7 49.Qd6 1-0